Surprised by joy : (Record no. 2610)

MARC details
000 -LEADER
fixed length control field 01325cam a2200373Ma 4500
001 - CONTROL NUMBER
control field 453179
003 - CONTROL NUMBER IDENTIFIER
control field GBCCL
005 - DATE AND TIME OF LATEST TRANSACTION
control field 20241126110433.0
008 - FIXED-LENGTH DATA ELEMENTS--GENERAL INFORMATION
fixed length control field 940222s1955 cau d 000 0aeng d
010 ## -
-- 56005329
020 ## - INTERNATIONAL STANDARD BOOK NUMBER
International Standard Book Number 0156870118 (pbk.)
020 ## - INTERNATIONAL STANDARD BOOK NUMBER
International Standard Book Number 9780156870115 (pbk.)
035 ## - SYSTEM CONTROL NUMBER
System control number (OCoLC)ocn818199916
035 ## - SYSTEM CONTROL NUMBER
System control number (OCoLC)818199916
040 ## - CATALOGING SOURCE
Original cataloging agency TWWZU
Language of cataloging eng
Transcribing agency TWWZU
Modifying agency OCLCO
-- OCLCF
-- OCLCO
-- LBB
044 ## -
-- xxu
049 ## -
-- LBBA
-- LBBC
082 ## - DEWEY DECIMAL CLASSIFICATION NUMBER
Classification number 248.246092
Item number LEW
090 ## - LOCALLY ASSIGNED LC-TYPE CALL NUMBER (OCLC); LOCAL CALL NUMBER (RLIN)
Classification number (OCLC) (R) ; Classification number, CALL (RLIN) (NR) BV4935.L43
Local cutter number (OCLC) ; Book number/undivided call number, CALL (RLIN) A3 1955
100 1# - MAIN ENTRY--PERSONAL NAME
Personal name Lewis, C. S.
Fuller form of name (Clive Staples),
Dates associated with a name 1898-1963.
9 (RLIN) 3118
245 10 - TITLE STATEMENT
Title Surprised by joy :
Remainder of title the shape of my early life /
Statement of responsibility, etc. C.S. Lewis.
260 ## - PUBLICATION, DISTRIBUTION, ETC.
Place of publication, distribution, etc. San Diego, CA :
Name of publisher, distributor, etc. Harcourt Brace,
Date of publication, distribution, etc. c1955.
300 ## - PHYSICAL DESCRIPTION
Extent ix, 238 p. ;
Dimensions 21 cm.
600 10 - SUBJECT ADDED ENTRY--PERSONAL NAME
Personal name Lewis, C. S.
Fuller form of name (Clive Staples),
Dates associated with a name 1898-1963.
9 (RLIN) 3118
600 17 - SUBJECT ADDED ENTRY--PERSONAL NAME
Personal name Lewis, C. S.
Fuller form of name (Clive Staples),
Dates associated with a name 1898-1963.
Source of heading or term fast
Authority record control number or standard number (OCoLC)fst00029827
9 (RLIN) 3118
648 #7 - SUBJECT ADDED ENTRY--CHRONOLOGICAL TERM
Chronological term 1900 - 1999
Source of heading or term fast
9 (RLIN) 1533
650 #0 - SUBJECT ADDED ENTRY--TOPICAL TERM
Topical term or geographic name entry element Anglican converts
Form subdivision Biography.
9 (RLIN) 5496
650 #0 - SUBJECT ADDED ENTRY--TOPICAL TERM
Topical term or geographic name entry element Authors, English
Chronological subdivision 20th century
Form subdivision Biography.
9 (RLIN) 5437
650 #7 - SUBJECT ADDED ENTRY--TOPICAL TERM
Topical term or geographic name entry element Anglican converts.
Source of heading or term fast
Authority record control number or standard number (OCoLC)fst00808916
9 (RLIN) 5497
650 #7 - SUBJECT ADDED ENTRY--TOPICAL TERM
Topical term or geographic name entry element Authors, English.
Source of heading or term fast
Authority record control number or standard number (OCoLC)fst00821945
9 (RLIN) 5498
655 #7 - INDEX TERM--GENRE/FORM
Genre/form data or focus term Biography.
Source of term fast
Authority record control number or standard number (OCoLC)fst01423686
9 (RLIN) 5066
740 0# -
-- Shape of my early life.
942 ## - ADDED ENTRY ELEMENTS (KOHA)
Source of classification or shelving scheme Dewey Decimal Classification
Koha item type Books
Koha issues (borrowed), all copies 1
Holdings
Withdrawn status Lost status Source of classification or shelving scheme Damaged status Not for loan Home library Current Library Shelving location Date acquired Total checkouts Full call number Barcode Date last seen Date last checked out Copy number Price effective from Koha item type
    Dewey Decimal Classification     GRACE BIBLE COLLEGE GRACE BIBLE COLLEGE Ministry & Mission 2017-09-06 1 248.246092 LEW 009350 2025-05-01 2023-10-10 c.1 2017-09-06 Books
© Grace Bible College Library 2025